000 00288nam a22001217a 4500
003 OSt
008 150215b xxu||||| |||| 00| 0 eng d
100 1 _aJohl, Max G
041 _aeng
245 1 0 _aUnited States Postage Stamps of the Twentieth Century, The
260 _b1938
300 _a0 pages
999 _c841
_d841